000 00512nam a2200181 i 4500
001 36804
003 ES-MaACL
005 20230906155439.0
007 t|
008 030219s1970 sp ||||1| cat d
100 1 _aBultmann, Rudolf.
_932536
245 1 0 _aJesucrist i mitología /
_cRudolf Bultmann ; [traductor: Lluis Nonell].
250 _a[1ª ed.].
260 _a[Barcelona] :
_bAriel,
_c[1970]
300 _a120 p. ;
_c18 cm.
700 0 _aNonell, Lluís.
_985940
852 _aES-MaACL
_jC-51753
_bR.76131
999 _c36804
_d36804